000 00458nam a22001577a 4500
005 20240708130826.0
008 240708b |||||||| |||| 00| 0 eng d
041 _aEnglish
082 _a349 PRE
100 _lEnglish
245 _aPrentice Hall Weekly Legal Reports
260 _aDurban:
_bPrentice Hall Services (Pty) Ltd,
_c1948
300 _b131 pages;
_c26 cm.
650 _aLegal practice
_bLaw
942 _cBK
_6ALISON_BN_VRIES
999 _c2128
_d2128